Future of disability law in India (Record no. 394276)

MARC details
000 -LEADER
fixed length control field 00506 a2200193 4500
005 - DATE & TIME
control field 20260319102056.0
008 - FIXED-LENGTH DATA ELEMENTS--GENERAL INFORMATION
fixed length control field 260318b |||||||| |||| 00| 0 eng d
020 ## - ISBN
International Standard Book Number 9780198077626
Price Rs. 750.00
040 ## - CATALOGING SOURCE
Original cataloging agency VIVEKANANDA LIBRARY
082 ## - DDC NUMBER
Classification number 346.54013
Book Number K849F
100 ## - MAIN ENTRY--PERSONAL NAME
Personal name Kothari, Jayna
245 ## - TITLE STATEMENT
Title Future of disability law in India
260 ## - PUBLICATION, DISTRIBUTION, ETC. (IMPRINT)
Name of publisher, distributor, etc Oxford University Press
Date of publication, distribution, etc 2012
Place of publication, distribution, etc New Delhi
300 ## - PHYSICAL DESCRIPTION
Pages xxviii, 216
650 ## - Subject
Subject Law
650 ## - Subject
Subject Disability Law-India
650 ## - Subject
Subject Private Law
942 ## - ADDED ENTRY ELEMENTS (KOHA)
Koha item type Books
Holdings
Withdrawn status Lost status Source of classification or shelving scheme Damaged status Not for loan Location (home branch) Sublocation or collection (holding branch) Shelving location Date acquired Koha issues (times borrowed) Koha full call number Accession No. Koha date last seen Koha item type
    Dewey Decimal Classification     VIVEKANANDA LIBRARY VIVEKANANDA LIBRARY Centre for Disability Studies 27/01/2026   346.54013 K849F 444683 27/01/2026 Books
© Designed and Maintained by Vivekananda Library, MDU Rohtak